[Event "ESP-chT CECLUB GpB"]
[Site "Sabadell"]
[Date "2011.08.30"]
[Round "2"]
[White "Peralta, Fernando"]
[Black "Marin, Mihail"]
[Result "1/2-1/2"]
[WhiteElo "2601"]
[BlackElo "2548"]
[Annotator "Marin,M"]
[PlyCount "127"]
[EventDate "2011.08.29"]
[EventType "team-tourn"]
[EventRounds "5"]
[EventCountry "ESP"]
[SourceTitle "CBM 144"]
[Source "ChessBase"]
[SourceDate "2011.09.16"]
[SourceVersion "1"]
[SourceVersionDate "2011.09.16"]
[SourceQuality "1"]
[WhiteTeam "Cerdanyola Valles"]
[BlackTeam "Foment Martinenc"]
[WhiteTeamCountry "ESP"]
[BlackTeamCountry "ESP"]

1. d4 e6 2. c4 Bb4+ 3. Bd2 a5 4. Nc3 Nf6 5. e3 b6 6. Bd3 {When preparing for
the game, I noticed that Fernando once delayed the development of his knight
and understood that I had to take into account Nge2 (although it did not
happen actually in his game). The move was not covered in the second
Accelerated Bogo article so I had to find a plan.} Bb7 {Probably not the best
move order.} ({I discarded} 6... d5 {because of} 7. cxd5 exd5 8. Nf3 $1 {
I prefer playing ...d6 and ...Nbd7 against Nf3.} O-O 9. O-O Ba6 $5 (9... Bb7 {
is quite playable, actually, but just not entirely to my taste, see L'Ami,E 
(2628)-Anand,V (2810) Wijk aan Zee 2011 CBM 141 [Marin,M]}) 10. Bxa6 Nxa6 11.
Ne5 Re8 12. Rc1 $14 {We can see that the knight stands well on f3 in this
structure, better than in the main game anyway.}) (6... O-O $5 {is more
restrictive.} 7. e4 {The only way to cross Black's intentions.} (7. Nf3 {
Peralta,F (2565)-Mellado Trivino,J (2422) Sabadell 2009 (1/2, 47)}) (7. Nge2 d5
8. a3 Bxc3 9. Nxc3 c5 {reaches a similar position to that in the game, with
the extra possibility of ...Ba6.}) 7... Bb7 8. e5 (8. Nge2 e5 $5 {as indicated
below.}) {and now the safest is} 8... Bxc3 9. bxc3 Ne4 $11 {, although
adventurous players would consider grabbing the h1-rook.}) 7. Nge2 $5 (7. f3 {
is too slow.} d5 8. cxd5 exd5 9. Nge2 O-O 10. O-O Re8 11. Qc2 Bf8 (11... Ba6 $5
) (11... c5 $5) 12. a3 c5 13. Bb5 Nbd7 14. Rad1 Bd6 15. Qf5 Re7 16. Qg5 Nf8 17.
Qh4 Qc7 18. Kh1 Bc6 {1/2 (18) Llanos,G (2385)-Adla,D (2470) Montevideo 1992})
7... O-O $146 ({In the event of} 7... Bxg2 $5 $146 {I did not like the idea
that, by comparison with a NI line, the insertion of the moves Bd2 and ...a5
rather favours White, who will castle long.} 8. Rg1 Bf3 9. Rxg7 Nh5 10. Rg1 Qh4
11. Qc2 Nc6 {This may not be that clear, actually.}) (7... d5 8. cxd5 exd5 9.
Qc2 Be7 (9... c5 $5) (9... Ba6 $5) 10. g4 $5 Nxg4 11. Rg1 Nxh2 12. O-O-O g6 13.
Rg3 Bh4 14. Rh3 Ng4 15. Rdh1 g5 16. Rf1 {and White won a complicated game in
Shirov,A (2615)-Hansen,L (2525) Kerteminde 1991}) 8. a3 (8. e4 e5 $5 9. dxe5
Ng4 10. f4 $140 Bc5 $44) 8... Bxc3 9. Nxc3 d5 (9... Bxg2 10. Rg1 Bb7 11. e4 $40
) (9... c5 {fails to transpose to the game because of} 10. d5 $5 (10. O-O d5)
10... exd5 11. cxd5 Re8 (11... Nxd5 12. Nxd5 Bxd5 13. Qh5 f5 $8 14. Bxf5 $16) (
11... Bxd5 12. Nxd5 Nxd5 13. Be4 $16) 12. Qc2 $14) 10. O-O $6 ({The critical
continuation is} 10. cxd5 $1 exd5 11. b4 {, restricting Blacks queenside
activity.} (11. O-O Ba6 $1) {for instance} 11... axb4 12. axb4 Rxa1 13. Qxa1
Nc6 14. Qb2 Qe7 15. Ne2 Na7 16. b5 Ra8 17. O-O Nc8 18. Bb4 Nd6 $14 {and Black
has chances to hold a worse position. Not that I would like to get here,
anyway.}) 10... c5 $1 {Now everything is OK for Black. The c3-knight obstructs
the d2-bishop and prevents the safe defence of the c4-pawn.} 11. dxc5 (11. cxd5
cxd4 $1 12. exd4 Nxd5) 11... bxc5 12. Ne2 {Aiming for a harmonious regrouping,
but losing more time.} ({The other way to activate the knight would be} 12.
cxd5 exd5 13. Na4 Qd6 $1 (13... Nbd7 14. b4 $5) 14. Rc1 Nbd7 $11) 12... Nbd7 (
12... Nc6 $5 {may have been even better.} 13. Bc3 e5 14. cxd5 Qxd5 15. f3 c4
16. Bc2 Qc5 $36) 13. Bc3 a4 {By this moment in the game, I was quite happy.
Black has blocked the enemy queenside and can look for a way of trading the
light-squared bishops.} 14. Qc2 Qb6 15. Rac1 dxc4 {A good moment to release
the tension.} 16. Bxc4 Qc6 17. f3 Ng4 {Black fights for the initiative, but
the bishop pair should not be underestimated.} 18. Bd3 $1 Nxe3 $2 {Missing
several tactical points.} (18... f5 $1 19. Qd2 (19. Be4 Qc7 $1 $15 20. Bxb7 $2
Qxh2# {I did not notice this "small" detail.}) 19... Nde5 $132) 19. Bxh7+ Kh8
20. Qd2 $1 (20. Be4 $2 Qxe4 $1) 20... Kxh7 (20... Nxf1 21. Bxg7+ $1 ({
Initially, I calculated only} 21. Qh6 $2 e5 $1) 21... Kxg7 22. Qg5+ Kxh7 23.
Rc4 $18) 21. Qxe3 $14 {White has got the better structure and his bishop is
targetting the black kingside. Fernando played the next phase of the game very
well, increasing his advantage with every move.} f6 22. Nf4 e5 23. Rfd1 Rf7 (
23... exf4 24. Qd3+ Kg8 25. Qxd7 Qxd7 26. Rxd7 $16) 24. Nd5 Rc8 25. Qd3+ g6 (
25... Kg8 26. Qc4 Qe6 27. Nxf6+ $1 $16) 26. Qc4 Kg7 27. Ne3 Nf8 28. Qg4 Qe6 (
28... Rd7 $5 29. Rxd7+ Qxd7 30. f4 Qxg4 31. Nxg4 $16) 29. Qxa4 $16 {
Eliminating the pride of my opening strategy.} Rd7 30. Rxd7+ Qxd7 31. Qxd7+
Nxd7 32. Rd1 Nf8 33. f4 exf4 34. Ng4 f3 (34... Re8 35. Kf2 $1) 35. Rd6 $1 (35.
gxf3 Bxf3 36. Bxf6+ Kf7 37. Ne5+ Kxf6 38. Nxf3 Rb8 $14) 35... fxg2 36. Rxf6 Kg8
37. Nh6+ Kh7 38. Rf7+ Kxh6 39. Rxb7 Ne6 40. Kxg2 Rf8 41. Bd2+ (41. a4 Nf4+ $14)
41... Kh5 42. Re7 Rd8 43. Be3 Rd6 44. Kf3 {Threatening mate.} g5 45. Ke4 Kg4 {
By this time, White was living on the 30'' increment.} 46. a4 (46. Ke5 Rd3 47.
Rxe6 Rxe3+ 48. Kd5 Rb3 49. Re2 {looks like winning, too.}) 46... Ra6 47. a5 Nf4
48. Bd2 (48. Bxf4 gxf4 49. Rg7+ Kh5 $14) 48... Rh6 49. Bc3 $4 (49. Bxf4 gxf4
50. Rg7+ $1 $18) 49... Rxh2 $1 $19 {It is my turn to threaten mate, suddenly.}
50. Ke5 $8 Ng6+ 51. Kf6 Nxe7 52. Kxe7 Kf5 {I took a minute to adapt to the new
situation, but then had no time left to check the variations accurately.} (
52... Rh6 53. Be5 Ra6 54. Bc7 Kf3 $19) 53. Kd7 g4 54. Kc6 g3 55. Be1 Rxb2 $2
$11 (55... g2 56. Bf2 Rh1 57. a6 Rf1 $1 58. Bxc5 (58. Be3 Ke4) 58... Rc1 $1 {
This last trick is easy to miss with the seconds running out.}) 56. Bxg3 c4 57.
a6 c3 58. Be1 c2 59. Bd2 Ra2 60. Kb7 Ke4 61. a7 Kd3 62. Bg5 Ke2 63. a8=Q Rxa8
64. Kxa8 1/2-1/2

[Event "EU-chT (Men) 18th"]
[Site "Porto Carras"]
[Date "2011.11.08"]
[Round "6.4"]
[White "Georgiev, Kiril"]
[Black "Istratescu, Andrei"]
[Result "0-1"]
[WhiteElo "2666"]
[BlackElo "2627"]
[Annotator "Marin,M"]
[PlyCount "106"]
[EventDate "2011.11.03"]
[EventType "team-swiss"]
[EventRounds "9"]
[EventCountry "GRE"]
[SourceTitle "CBM 146"]
[Source "ChessBase"]
[SourceDate "2012.01.18"]
[SourceVersion "1"]
[SourceVersionDate "2012.01.18"]
[SourceQuality "1"]
[WhiteTeam "Bulgaria"]
[BlackTeam "France"]
[WhiteTeamCountry "BUL"]
[BlackTeamCountry "FRA"]

1. d4 e6 2. c4 Bb4+ 3. Bd2 a5 4. Nc3 d5 $5 {I must confess that, when writing
my article on the accelerated Bogo-Indian (CBM 141), I did not consider this
to be a serious candidate, and preferred to focus on play on the dark squares.}
5. a3 {The most ambitious answer.} (5. Nf3 Nf6 {would transpose to a normal
Bogo-Indian, with possible lines such as:} 6. e3 O-O 7. Bd3 b6 8. O-O (8. cxd5
{avoids the pin along the a6-d3 diagonal, but opens the other diagonal for the
black bishop.} exd5 9. O-O Bg4 $5 10. h3 Bh5 11. g4 Bg6 12. Ne5 Bxd3 13. Nxd3
c5 14. a3 Bxc3 15. bxc3 Nbd7 16. f3 Re8 17. Kg2 h6 18. Rb1 Rc8 19. Rb5 Rc6 20.
Qb1 Qc7 21. Nf4 Nf8 22. Qb3 g5 23. Ne2 Ng6 $36 {Fressinet,L (2698)-Istratescu,
A (2645)/Caen 2011/CBM 144 (1/2, 35)}) 8... Ba6 (8... Bb7 9. cxd5 exd5 {
L'Ami,E (2628)-Anand,V (2810)/Wijk aan Zee 2011/CBM 141/[Marin,M] (1/2, 31)})
9. b3 (9. Qe2 Nbd7 10. Rfd1 Rc8 11. a3 Bxc3 12. Bxc3 c5 {Andreikin,D (2495)
-Stocek,J (2585)/Warsaw 2005/CBM 108/[Mueller,Karsten] (0-1, 79)}) 9... Qe7 10.
Ne5 {Ehlvest,J (2600)-Kveinys,A (2510)/Moscow 1994/CBM 045/[Notkin] (1-0, 32)})
5... Bxc3 6. bxc3 $1 $146 {Played in the spirit of the Saemisch attack. The
insertion of the moves Bd2 and ...a5 may favour either side, depending on the
concrete plan choices. In principle, ...a5 is more of a weakening after the
opening of the b-file, but the bishop may have wished to get to b2, in order
to support Botvinnik's plan based on e3, Bd3, Ne2, f3 and e4.} (6. Bxc3 {
leaves White exposed on the light squares.} Nf6 7. Nf3 O-O 8. e3 b6 9. Be2 Ba6
10. cxd5 (10. b3 a4 $1) 10... Bxe2 11. Qxe2 exd5 12. O-O Re8 13. Rac1 Nbd7 14.
Rfd1 {1/2 Mirzoev,A (2468)-Dgebuadze,A (2544)/Livigno 2011/CBM 144 Extra}) 6...
Ne7 $1 {Preventing the effective activation of the bishop.} (6... Nf6 7. Bg5 $5
) 7. cxd5 exd5 8. e3 b6 {Preparing the thematic bishop exchange.} 9. Nf3 {
This looks sound, but White had no concrete reasons for deviating from
Botvinnik's setup:} (9. Bd3 $5 Bf5 (9... O-O 10. Qc2 h6 11. Ne2 $14) (9... Ba6
10. Bxa6 Nxa6 11. Ne2 O-O 12. O-O c5 13. Rb1) (9... c5 10. Ne2 $14) 10. Bxf5
Nxf5 11. Qg4 Qd7 12. c4 O-O 13. cxd5 Qxd5 14. Ne2 $14) 9... O-O 10. c4 Ba6 11.
Qc2 c5 {Black needs to react in the centre, but he has to take pawn weaknesses
into account.} 12. dxc5 bxc5 13. Bd3 h6 14. cxd5 (14. O-O dxc4 (14... Bxc4 15.
Bxc4 dxc4 16. Ne5 $14) 15. Bxc4 Bxc4 16. Qxc4 Qd5 17. Qxd5 Nxd5 18. Rfd1 Nb6
19. Rac1 N8d7 20. Bc3 Rfd8 21. Kf1 $14 {would lead to play similar to that in
the line suggested below.}) 14... Bxd3 15. Qxd3 Qxd5 16. Qxd5 Nxd5 17. Ne5 Re8
18. Nc4 a4 {White has the better structure, which ensures him a long term
strategic advantage. His main concern now is choosing a location for the king.}
19. Ke2 {This looks double-edged. The game has not reached an endgame yet; we
may rather speak about a queenless middlegame.} ({I would consider} 19. O-O Nc6
20. Rfc1 Rab8 21. Rc2 $14 {Black seems to have problems defending his pawn
weaknesses:} Rb3 (21... Red8 22. Nb2) 22. Nd6 Re6 23. Nf5) 19... Nc6 20. Kf3 {
White has to take his king away from the main theatre of operations.} (20. Kd3
$2 Rad8 21. Kc2 Re4 $36) 20... Rab8 (20... Reb8 $5 {/\...Rb3 may have been
more accurate. The remaining rook would be usefl on a8.}) 21. Rab1 Kf8 22. Rhc1
Rb3 23. Rxb3 axb3 24. Rb1 Rb8 25. Ke4 Nf6+ 26. Kd3 g5 (26... Rd8+ 27. Ke2 Rb8
28. f3 {may transpose to the game after} g5 29. Kd3 Nd5) 27. f3 Nd5 28. g3 $6 {
An unnecessary weakening of the light squares.} ({The position was ripe for} 
28. e4 Nf4+ 29. Bxf4 gxf4 30. Kc3 Nd4 31. a4 $14) 28... Rd8 ({Black rightly
refrains from} 28... Nb6 $2 29. Nxb6 Rxb6 30. Bc3 $16 {[%cal Gd3c4]}) 29. Ke2
Rb8 30. g4 $2 (30. Kd3 Rd8 $11) (30. e4 Nd4+ 31. Kd3 Nc7 32. f4 $13) 30... Nb6
$1 {But now, with the king one step farther from the centre, this turns the
tables. Another one-tempo tragedy...} 31. Nxb6 Rxb6 $15 32. Bc3 (32. Kd3 Ne5+
$17) 32... c4 {Once the passed pawns have been connected, Black has a great
position.} 33. Rc1 Ne7 34. Bb2 Rc6 35. Bd4 Nd5 36. Kd2 Ke7 37. h3 Kd7 38. f4
gxf4 39. exf4 Nxf4 40. Rf1 Ne6 41. Bh8 Ng5 42. Kc1 c3 43. h4 Ne4 44. Rxf7+ Ke6
45. Rf8 Rb6 46. Rf1 Rb8 47. Bg7 Rg8 48. Re1 Kd5 49. Rd1+ Kc5 50. Rd7 b2+ 51.
Kc2 Nd2 52. Rxd2 b1=Q+ 53. Kxb1 cxd2 0-1

[Event "Barcelona Sants op 13th"]
[Site "Barcelona"]
[Date "2011.08.22"]
[Round "4"]
[White "Matnadze, Ana"]
[Black "Marin, Mihail"]
[Result "0-1"]
[WhiteElo "2428"]
[BlackElo "2548"]
[Annotator "Marin,M"]
[PlyCount "66"]
[EventDate "2011.08.19"]
[EventType "swiss"]
[EventRounds "10"]
[EventCountry "ESP"]
[SourceTitle "CBM 144"]
[Source "ChessBase"]
[SourceDate "2011.09.16"]
[SourceVersion "1"]
[SourceVersionDate "2011.09.16"]
[SourceQuality "1"]

1. d4 e6 2. c4 Bb4+ 3. Bd2 a5 4. Nf3 d6 5. Nc3 f5 6. Qc2 $5 {The subtle
variation initiated by this move somehow escaped my attention when writing the
second article on the accelerated Bogo-Indian.} ({I mainly focused on} 6. a3
Bxc3 7. Bxc3 Nf6 8. b3 O-O 9. e3 b6) 6... Nf6 7. e3 O-O 8. Bd3 Nc6 {This move,
which I decided upon over the board, looked like the most logical answer:
Later I found out that it has been played by grandmasters already.} ({In the
event of} 8... b6 {Ernazarov,N (2383)-Pena Gomez,E (2269) ICCF Email 2001 (1-0,
40) I mainly feared} 9. d5 $5 {, shaking my structure.}) 9. d5 $146 {Played
without hesitation, but probably not the best. Black gets easy play now.} ({
I planned to meet} 9. O-O {with} Bxc3 $1 {, as White cannot find an optimal
way to re-capture. There was a game with this line, actually.} 10. bxc3 (10.
Bxc3 Nb4 11. Bxb4 axb4 $11) (10. Qxc3 e5 $5) 10... Qe8 11. Ne1 Qh5 12. f3 e5
$132 {Jaroshenko,S-Lev,D Odessa 2000 (1/2, 26)}) (9. O-O-O Bxc3 $1) (9. a3 Bxc3
10. Bxc3 {is the most consistent try.} Ne7 {This has been the grandmaster
choice so far, but the move order may not be the best.} ({Since he will
combine ...Ne7 with ...Bd7 anyway, Black should develop first, maintaining
flexibility.} 10... Bd7 {The plans based on 0-0-0 can be met with ...Ne7 and ..
.b5 as below, while} 11. O-O {can be met differently:} a4 {With the king safe
on g1, b4 was becoming a threat.} 12. Nd2 d5 $5 13. f3 dxc4 14. Nxc4 Nd5 15.
Bd2 Qf6 {Black has chances for a blockade on light squares and e3-e4 is not
easy to carry out.}) 11. O-O (11. Rg1 Bd7 12. h3 Qe8 13. g4 b5 $13 {Piskov,Y 
(2420)-Moskalenko,V (2435) Norilsk 1987 (1/2, 27)}) (11. O-O-O Bd7 12. Rhg1 b5
13. cxb5 Qe8 14. h3 Bxb5 15. Bxb5 Qxb5 16. g4 Ned5 17. gxf5 exf5 18. Nh4 Ne4
$17 {Bareev,E (2535)-Eingorn,V (2545) Minsk 1987 (0-1, 41)}) 11... a4 12. Nd2
Qe8 13. f4 $6 {Too slow.} (13. e4 $1 $36) 13... b5 14. cxb5 {Kraidman,Y (2420)
-Soffer,R (2365) Tel Aviv 1989 (1/2, 24)} Bd7 $11) 9... Ne5 10. Nxe5 (10. Be2
Nxf3+ 11. Bxf3 e5 $11) 10... dxe5 11. O-O-O {Quite ambitious.} (11. dxe6 e4 12.
Be2 Bxe6 13. a3 Bc5 14. Na4 (14. O-O c6) 14... Bd6 15. Bc3 Nd7 16. c5 Be5 $11)
11... e4 12. Be2 Qe7 13. h3 {In such positions, g4 is a common idea, but here
Black has an adequate antidote.} exd5 14. Nxd5 ({I considered meeting} 14. cxd5
{with} c6 $5 15. dxc6 Be6 {, but other plans are possible as well.}) 14... Nxd5
15. cxd5 Bd6 $1 {Black has blocked the centre quite safely and has pawn play
on both sides.} 16. Bc3 Bd7 17. g4 ({I was unsure whether Black can open the
position in any way after} 17. g3 a4 18. a3 $11 {White seems quite solid.})
17... f4 $1 18. exf4 ({The last chance to maintain approximate equality was} 
18. Rd4 Qh4 $5 (18... Rae8 19. Bxa5 {may generate some complications.}) 19.
Rxe4 Qxf2 $132) 18... Rxf4 $15 19. Bd4 a4 20. Rhe1 (20. a3 $5 b5 21. Kb1 b4 $36
) 20... a3 $36 21. b3 c5 $1 {The most difficult move of the game. Having
achieved some progress on the wings, Black has to undertake action in the
centre as well.} 22. dxc6 (22. Be3 {leaves Black with a dangerous queenside
majority, while White is completely without counterplay. I anticipated the
following line:} Rff8 23. Bf1 Be8 ({The computer prefers} 23... c4 $1 {based on
} 24. bxc4 Ba4 $17) 24. Bg2 Bg6 $15 {planning ...b5, ...c4, etc.}) 22... Bxc6
23. Bc4+ $6 (23. Be3 Rff8 $15) 23... Kh8 24. Bb6 $6 {The last moves are not
connected with any plan and allow me start the decisive attack.} Bc5 $1 $17 {
Weakening the f2-pawn.} (24... Rf3 25. Bd5 $5) 25. Bxc5 Qxc5 26. Re2 (26. Re3
Raf8 27. Rd2 Rxf2 $1 $19) 26... Rf3 (26... Raf8 $6 {would offer saving chances
after} 27. Bd5 $1 $15) 27. Kb1 (27. h4 b5 28. Bd5 Rc3 $19) 27... Rxh3 28. Red2
(28. Bd5 Rc3 29. Qxe4 Bxd5 30. Qxd5 Rc1+ $1) 28... Rf8 29. Bd5 (29. Rd8 Rhf3
30. Rxf8+ Rxf8 31. Qd2 h6 32. g5 Rxf2 $1 $19) 29... Qxc2+ 30. Rxc2 $6 (30. Kxc2
Bxd5 31. Rxd5 Rxf2+ $19) 30... Rd3 $1 $19 31. Rxd3 exd3 32. Rc5 d2 33. Kc2 Rd8
0-1